Sổ tay số liệu thi công xây dựng
Tập hợp các số liệu cơ bản được lấy từ các văn bản pháp quy kỹ thuật, các tiêu chuẩn được công bố trong và ngoài nước phục vụ cho việc kiểm định vật liệu xây dựng và công trình xây dựng...
Saved in:
| Main Author: | |
|---|---|
| Format: | Book |
| Language: | Undetermined |
| Published: |
Hà Nội
Xây dựng
2008
|
| Subjects: | |
| Tags: |
Add Tag
No Tags, Be the first to tag this record!
|
| Institutions: | Trung tâm Học liệu Trường Đại học Cần Thơ |
|---|
| LEADER | 01003nam a2200217Ia 4500 | ||
|---|---|---|---|
| 001 | CTU_155344 | ||
| 008 | 210402s9999 xx 000 0 und d | ||
| 020 | |c 59000 | ||
| 082 | |a 692.3 | ||
| 082 | |b S464 | ||
| 100 | |a Nguyễn, Đăng Sơn | ||
| 245 | 0 | |a Sổ tay số liệu thi công xây dựng | |
| 245 | 0 | |c Nguyễn Đăng Sơn | |
| 260 | |a Hà Nội | ||
| 260 | |b Xây dựng | ||
| 260 | |c 2008 | ||
| 520 | |a Tập hợp các số liệu cơ bản được lấy từ các văn bản pháp quy kỹ thuật, các tiêu chuẩn được công bố trong và ngoài nước phục vụ cho việc kiểm định vật liệu xây dựng và công trình xây dựng | ||
| 650 | |a Building,Construction equipment,Xây dựng,Thiết bị xây dựng | ||
| 650 | |x Equipment and supplies,Thiết bị và vật tư | ||
| 904 | |i Trọng Hải | ||
| 980 | |a Trung tâm Học liệu Trường Đại học Cần Thơ | ||